Budgeting and financial record keeping in the small library
Αποθηκεύτηκε σε:
| Κύριος συγγραφέας: | |
|---|---|
| Μορφή: | Βιβλίο |
| Γλώσσα: | English |
| Δημοσίευση: |
Chicago :
Library Administration and Management Association, American Library Association,
1993
|
| Έκδοση: | 2nd ed. |
| Σειρά: | Small libraries publications ;
; 3 |
| Θέματα: | |
| Ετικέτες: |
Προσθήκη ετικέτας
Δεν υπάρχουν, Καταχωρήστε ετικέτα πρώτοι!
|
MARC
| LEADER | 00000cam a2200000 i 4500 | ||
|---|---|---|---|
| 001 | 1/2793 | ||
| 008 | 000514s1993 eng d | ||
| 020 | |a 0838957501 | ||
| 035 | |l 10060568 | ||
| 040 | |a GR-MY-UA |b gre |e aacr | ||
| 041 | 0 | |a eng | |
| 082 | 0 | |a 025.10973 | |
| 100 | 1 | |a Hill, Malcolm K. | |
| 245 | 1 | 0 | |a Budgeting and financial record keeping in the small library / |c Malcolm K. Hill |
| 250 | |a 2nd ed. | ||
| 260 | |a Chicago : |b Library Administration and Management Association, American Library Association, |c 1993 | ||
| 300 | |a 9 σ.; |b εικ.; |c 28 εκ. | ||
| 490 | 1 | |a Small libraries publications series |v ; 3 | |
| 500 | |a Caption title | ||
| 500 | |a Originally published: Fiscal responsibility and the small public library | ||
| 504 | |a Βιβλιογραφία: σ. 9 | ||
| 650 | 0 | 0 | |a Public libraries |z United States |x Finance. |
| 650 | 0 | 0 | |a Small libraries |z United States |x Finance. |
| 830 | 0 | |a Small libraries publications ; |v ; 3 | |
| 852 | |a INST |b LESVOS |e 20000514 |h 025.10973 HIL |p 005100021264 |q 005100021264 |t BK |y 0 | ||
| 901 | |a BIBL1-2000-2 | ||
| 909 | |a Λ |b 064184 | ||
| 922 | |a 1ΕΛΗ |b 199902 |c ΚΠΣ/ΚΥΒ |d LEADER | ||
| 970 | |z 2000/05/ΜΙΧΑΗΛΙΔΟΥ ΑΝΝΑ | ||